| 000 | 01152nam a2200301 4500 | ||
|---|---|---|---|
| 001 | 178875 | ||
| 003 | ES-MaACL | ||
| 005 | 20250318063119.0 | ||
| 008 | 110722s2010 sp |||| |dspa d | ||
| 020 | _a978-84-672-3703-0 | ||
| 020 | _a978-84-8109-832-7 | ||
| 080 | _a821.134.2-82"19" | ||
| 100 | 0 |
_aGil de Biedma, Jaime, _d1929-1990 _956787 |
|
| 245 | 1 | 0 |
_aObras _b: poesía y prosa / _cJaime Gil de Biedma ; edición de Nicanor Vélez ; introducción de James Valender. |
| 246 | 3 | 0 | _aPoesía y prosa |
| 260 |
_aBarcelona : _bGalaxia Gutenberg : _bCírculo de Lectores, _c[2010] |
||
| 300 |
_a1374 p. ; _c21 cm. |
||
| 500 | _aÍndice. | ||
| 505 | 8 |
_aContiene: Poesía ; _tLas personas del verbo - Diario ; _tRetrato del artista en 1956 - Ensayos ; _tEl pie de la letra (1955-1979) - Apéndice |
|
| 700 | 1 |
_aVélez, Nicanor. _9137472 |
|
| 700 | 1 |
_aValender, James. _9112583 |
|
| 740 | 4 | _aLas personas del verbo. | |
| 740 | 0 | _aRetrato del artista adolescente. | |
| 740 | 3 | _aEl pie de la letra (1955-1979) | |
| 852 |
_aES-MaACL _9185740 _jA-11407 _dOlim: N-4411 _bR.145873 _cDEPO1 |
||
| 942 | _2udc | ||
| 999 |
_c178875 _d178875 |
||